000 01048nam a2200265 a 4500
999 _c11643
_d11643
001 11643
003 BD-JhCC
005 20200713113135.0
008 200713b2019 bg |||| ||a| 000 0 ben d
020 _a97898491396483
035 _a(BD-JhCC)11643
040 _aBD-JhCC
_dBD-JhCC
041 _aben
082 _a294.5923
_bUPO 2019
245 _aউপনিষদ /
_cসম্পা: অতুল চন্দ্র সেন, সীতানাথ তত্ত্বভূষণ, মহেশচন্দ্র ঘোষ ,ভূমিকা: রমেশ চন্দ্র মজুমদার ।
260 _aঢাকা:
_bরিডার্স ওয়েজ;
_c২০১৯.
300 _a1008 p. :
_c22 cm.
650 _aHindu
700 _aসেন, অতুল চন্দ্র
700 _aতত্ত্বভূষণ, সীতানাথ
700 _a ঘোষ, মহেশচন্দ্র
700 _aমজুমদার, রমেশ চন্দ্র
942 _2ddc
_cBK